Регионална библиотека "Любен Каравелов" - Русе

Обработка на металите чрез пластична деформация (Запис номер 181953)

MARC детайли
000 -Лидер
Контролно поле с фиксирана дължина nam a22 a 4500
003 - Код на организацията, давaща контролен номер
Контролно поле BLK
005 - Дата и час на последна редакция
Контролно поле 20220531151630.0
008 - Елементи от данни с фиксирана дължина
fixed length control field 180411b bul|||||r ||||||| ||bul||
010 ## - Наследен системен номер
LC control number KNG00190870000
040 ## - Източник на каталожния запис
Идентификатор на билиотеката - собственик на записа BLK
041 ## - Код за език
Код за езика на текст/звукозапис или на отделно заглавие Български
Код за езика КДБФ Български
080 ## - УДК
Текстов определител УДК Обработка под налягане. Пластично формообразуване. Формоизменящи операции(без снемане на стружки). Съединяване на материалите. Технология и оборудване. Вж и 621.9
УДК код - определител по УДК 621.7
УДК определител (075.3)
УДК - код + определител 621.7(075.3)
100 1# - Редна дума - Автор
Автор Георгиев, Христо Димитров
Авторска отговорност първи автор
R(LIN) 383894
139 ## - Редно поле
Редна дума Георгиев, Христо Димитров и др.
Авторски знак Георгиев - Г 37
245 10 - Сведения за заглавието
Заглавие Обработка на металите чрез пластична деформация
Подзаглавни данни Учебник за III и IV курс на техникумите по механотехника, специалност Технология на машиностроенето - ковашкопресово производство и термообработка
Редно поле (дума) Х. Георгиев, Й. Нанов.
257 ## - Страна на издаване
Страна на създаване/издаване България
260 ## - Област на издателските данни
Място на издаване, разпространение и проч. София
Име на издателя, разпространителя и проч. Техника
Година на издаване 1966
300 ## - Физическа характеристика
Страници 428 с.
Илюстрации и др. с черт.
Размери/Мащаб 23 см
380 ## - Жанр
Жанр Техника
504 ## - Забележка за наличие на библиография и др
Забележка за наличие на библиография и под. Библиогр. с. 325.
650 #4 - Допълнително описание по предмет – тема
Основно описание – тема или топоним Метали - обработка - учебници
9 (RLIN) 271590
653 ## - Ключова дума – ненормативна
Ключова дума обработка на метали
653 ## - Ключова дума – ненормативна
Ключова дума учебници за средни училища
700 ## - Други автори (авторска отговорност)
Лично име Нанов, Йордан Георгиев
Автороска отговорност (Описва отношението между автора и произведението) съавт.
9 (RLIN) 317720
852 ## - Местоположение
Форматна сигнатура Цб 38793
Фондова буква Хранилище
856 4# - Електронен адрес и достъп
Електронен формат pdf - файл
856 4# - Електронен адрес и достъп
Електронен формат pdf - файл
999 ## - СИСТЕМНИ КОНТРОЛНИ НОМЕРА
Koha biblionumber 181953
Koha biblioitemnumber 181953
942 ## - АРТИКУЛИ
Вид на библиотечния материал Книги
Скрит в OPAC Не
Периодичен библиозапис Да
944 ## - СЪЗДАВАНЕ И РЕДАКЦИЯ на ЗАПИСА
Създаване/Редакция Създаване
Дата на регистрацията/редакция 21.09.2016
Служител, извършил регистрацията/редакцията Камелия_Данева
944 ## - СЪЗДАВАНЕ И РЕДАКЦИЯ на ЗАПИСА
Създаване/Редакция Редакция
Дата на регистрацията/редакция 2022-05-31
Служител, извършил регистрацията/редакцията ГГГ
Наличности
Код за отписване Код за изгубен артикул Източник на класификационната схема Код за повреда Коз за рестрикции Код за отдаване Артикулен № Име на библиотеката - собственик Име на библиотеката, в която се намира в момента Статус (Текущо местоположение) Дата на вписване в системата Местоположение - отдел Цена в лева Инвентарен номер Систематично азбучна сигнатура Баркод Номер на екземпляра Цена в евро Служебна бележка Служебен тип на артикула
  Не е изгубен Universal Decimal Classification Не е повреден само за читалня ползва се в читалня 311828 Регионална библиотека "Любен Каравелов" Русе Регионална библиотека "Любен Каравелов" Русе Хранилище 2022-05-31 Хранилище 1.95 13202/66 Цб 38793 900000098170 1 1.00 N: стар фонд Дата: 01.01.1966 Книги
Изтеглен Не е изгубен Universal Decimal Classification Не е повреден без рестрикции заемане за дома 311829 Регионална библиотека "Любен Каравелов" Русе Регионална библиотека "Любен Каравелов" Русе Заемна - подръчен фонд 1966-01-01 Заемна - подръчен фонд 0.00 15378/66 П 621.7/Г 37 15378/66 2 0.00 N: стар фонд Дата: 01.01.1966 Книги
Vip Innovations Ltd, Rousse, Bulgaria 2025